El ladronzuelo / (Record no. 115155)

MARC details
000 -LEADER
campo de control de longitud fija 00632nam a2200205 i 4500
001 - NÚMERO DE CONTROL
campo de control 115155
003 - IDENTIFICADOR DE NÚMERO DE CONTROL
campo de control ES-MaACL
005 - FECHA Y HORA DE LA ÚLTIMA TRANSACCIÓN
campo de control 20250918183855.0
007 - CAMPO FIJO DE DESCRIPCIÓN FÍSICA--INFORMACIÓN GENERAL
campo de control de longitud fija t|
008 - DATOS DE LONGITUD FIJA--INFORMACIÓN GENERAL
campo de control de longitud fija 070223s1911 sp ||||1| spa d
100 1# - ENTRADA PRINCIPAL--NOMBRE DE PERSONA
Nombre de persona López Pinillos, José.
9 (RLIN) 73892
245 13 - MENCIÓN DEL TÍTULO
Título El ladronzuelo /
Mención de responsabilidad, etc. J. López Pinillos (Parmeno) ; ilustraciones de Agustín.
260 ## - PUBLICACIÓN, DISTRIBUCIÓN, ETC.
Lugar de publicación, distribución, etc. Madrid :
Nombre del editor, distribuidor, etc. El Cuento Semanal,
Fecha de publicación, distribución, etc. 1911.
300 ## - DESCRIPCIÓN FÍSICA
Extensión 20 p. :
Otras características físicas il. ;
Dimensiones 26 cm.
490 1# - MENCIÓN DE SERIE
Mención de serie El cuento semanal ;
Designación de volumen o secuencia 217
700 0# - ENTRADA AGREGADA--NOMBRE PERSONAL
Nombre de persona Agustín,
Fechas asociadas al nombre ca. 1878-1935
9 (RLIN) 171519
830 03 - PUNTO DE ACCESO ADICIONAL DE SERIE-TÍTULO UNIFORME
Título uniforme El cuento semanal
Designación de volumen o secuencia 217
9 (RLIN) 185957
852 ## - LOCALIZACIÓN
Ubicación ES-MaACL
Número de control de estantería G-4447(8)
Holdings
Estatus retirado Estado de pérdida Estado de daño No para préstamo Biblioteca de origen Biblioteca actual Ubicación en estantería Fecha de adquisición Fuente de adquisición Total de préstamos Signatura topográfica completa Código de barras Visto por última vez Precio de reemplazo Tipo de ítem Koha
        Biblioteca del Ateneo de Madrid Biblioteca del Ateneo de Madrid Depósito 2 17/01/2008     G-4447(8) 1120076 23/02/2023 23/02/2023 Libro impreso